[Event "European Youth Chess Championship G12"]
[Site "Prague, Top Hotel Prague"]
[Date "2016.08.21"]
[Round "4.23"]
[White "Khachatryan, Nadezhda"]
[Black "Dziatko, Evgeniya"]
[Result "0-1"]
[WhiteElo "1507"]
[BlackElo "1709"]
[PlyCount "64"]
[EventDate "2016.08.18"]

1. e4 c5 2. Nf3 Nc6 3. Nc3 d6 4. Bb5 a6 5. Bxc6+ bxc6 6. O-O e5 7. d3 Ne7 8. h3
Ng6 9. Qe2 Be7 10. Nd1 O-O 11. c3 f5 12. c4 f4 13. Nc3 Nh4 14. b3 Qe8 15. Nxh4
Bxh4 16. Qf3 Be6 17. Bb2 Bf7 18. Qe2 Be6 19. Qf3 g5 20. Rfc1 Qg6 21. Qd1 g4 22.
hxg4 Bxg4 23. f3 Be6 24. Qd2 Ra7 25. Rc2 Rg7 26. Kf1 Qg3 27. Kg1 Rf6 28. Qe2
Rfg6 29. Rd1 Bh3 30. Rdd2 Bxg2 31. Qxg2 Qe1+ 32. Kh2 Bg3+ 0-1

[Event "European Youth Chess Championship G12"]
[Site "Prague, Top Hotel Prague"]
[Date "2016.08.21"]
[Round "4.24"]
[White "Garau, Francesca"]
[Black "Dimitrijevic, Andjela"]
[Result "0-1"]
[WhiteElo "1621"]
[BlackElo "1468"]
[PlyCount "138"]
[EventDate "2016.08.18"]

1. e4 e5 2. Nf3 Nc6 3. Bc4 Bc5 4. c3 Nf6 5. d3 d6 6. h3 Bb6 7. Nbd2 Ne7 8. Nf1
Ng6 9. Ng3 O-O 10. Nh2 d5 11. exd5 Nxd5 12. Qf3 Ndf4 13. Bxf4 Nxf4 14. O-O Qg5
15. Ne4 Qe7 16. Rfe1 Be6 17. Bb3 Ng6 18. Qh5 Bxb3 19. axb3 Qh4 20. Qxh4 Nxh4
21. Rad1 Rad8 22. Re2 Rd7 23. Red2 Rfd8 24. b4 f6 25. Nc5 Bxc5 26. bxc5 Rd5 27.
d4 Kf7 28. Kf1 Ke6 29. Re1 Kf5 30. Red1 Ke6 31. f3 Nf5 32. Re1 Kf7 33. g4 Ne7
34. Red1 Nc6 35. Kf2 exd4 36. cxd4 Rxd4 37. Rxd4 Rxd4 38. Rxd4 Nxd4 39. Ke3 Nb3
40. c6 bxc6 41. Nf1 Ke6 42. Ke4 g6 43. Kd3 Nc5+ 44. Kc4 Nb7 45. f4 h5 46. Ng3
hxg4 47. hxg4 a6 48. Ne4 Nd6+ 49. Kd4 Nxe4 50. Kxe4 f5+ 51. gxf5+ gxf5+ 52. Kd4
Kd6 53. b4 Ke6 54. Kc5 Kd7 55. Kd4 Kd6 56. Kc4 c5 57. bxc5+ Kc6 58. Kd4 a5 59.
Kc4 a4 60. Kb4 a3 61. Kxa3 Kxc5 62. Kb3 Kd4 63. Kc2 Kc4 64. Kd2 Kb3 65. Kd3 c5
66. Kd2 c4 67. Kc1 Kc3 68. Kd1 Kb2 69. Kd2 c3+ 0-1

[Event "European Youth Chess Championship G12"]
[Site "Prague, Top Hotel Prague"]
[Date "2016.08.21"]
[Round "4.25"]
[White "Korenova, Simona"]
[Black "Dgebuadze, Marie"]
[Result "0-1"]
[WhiteElo "1612"]
[BlackElo "1449"]
[PlyCount "174"]
[EventDate "2016.08.18"]

1. d4 d5 2. c4 e6 3. Nf3 Nf6 4. Nc3 Be7 5. g3 O-O 6. b3 c6 7. Bg2 Bb4 8. Bd2
Bxc3 9. Bxc3 Ne4 10. Bb2 Nd7 11. O-O Re8 12. e3 f6 13. Nd2 Nxd2 14. Qxd2 Nf8
15. Rac1 Ng6 16. Rfe1 f5 17. Ba3 Qf6 18. Rcd1 dxc4 19. bxc4 Qf7 20. Qc2 Kh8 21.
Qb2 Rd8 22. Rd2 h6 23. Red1 Re8 24. d5 exd5 25. cxd5 cxd5 26. Bxd5 Be6 27. Qxb7
Qxb7 28. Bxb7 Rab8 29. Bc6 Rec8 30. Bg2 Rb6 31. Rd6 Bxa2 32. Rxb6 axb6 33. Rd6
Ne5 34. Bb7 Rb8 35. Rxb6 Nc4 36. Ra6 Rxb7 37. Bc5 Bb3 38. Bd4 Bc2 39. Ra1 Rb1+
40. Rxb1 Bxb1 41. Kg2 Kg8 42. Kf3 Kf7 43. h4 g6 44. g4 fxg4+ 45. Kxg4 Bf5+ 46.
Kf4 h5 47. Bc3 Nd6 48. Be1 Ke6 49. f3 Kf7 50. Bc3 Nc4 51. Bb4 Nb6 52. Bc5 Nd5+
53. Kg3 Nf6 54. Kf4 Be6 55. Kg3 Bd5 56. Kf4 Ke6 57. Bd4 Kf7 58. Bc5 Nd7 59. Bd4
Nb8 60. Be5 Nc6 61. Bc3 Ke6 62. Bb2 Nb4 63. Bd4 Nd3+ 64. Kg3 Ne5 65. e4 Bc6 66.
f4 Ng4 67. e5 Kf5 68. Bc5 Bd5 69. Be7 Ne3 70. Bg5 Ke4 71. Kf2 Nf5 72. Ke2 Nd4+
73. Kf2 Ne6 74. Kg3 Nxg5 75. hxg5 Kf5 76. Kh4 Kxf4 77. e6 Bc6 78. e7 Be8 79.
Kh3 Kxg5 80. Kg3 h4+ 81. Kh3 Kh5 82. Kh2 Kg4 83. Kg2 h3+ 84. Kh2 Kh4 85. Kh1
Kg3 86. Kg1 h2+ 87. Kh1 Bc6# 0-1

[Event "European Youth Chess Championship G12"]
[Site "Prague, Top Hotel Prague"]
[Date "2016.08.21"]
[Round "4.26"]
[White "Rahulan, Thivyaa"]
[Black "Dvorakova, Olga"]
[Result "1/2-1/2"]
[WhiteElo "1428"]
[BlackElo "1601"]
[PlyCount "150"]
[EventDate "2016.08.18"]

1. e4 c5 2. c3 Nf6 3. e5 Nd5 4. d4 cxd4 5. Nf3 Nc6 6. cxd4 d6 7. Bc4 Nb6 8. Bb3
d5 9. Nh4 Qc7 10. Nc3 e6 11. O-O Bb4 12. Qg4 f6 13. exf6 gxf6 14. Qh5+ Qf7 15.
Qxf7+ Kxf7 16. Ne2 Bd7 17. a3 Bd6 18. Bd2 Ne7 19. Rfd1 Rac8 20. Nf3 Ba4 21.
Bxa4 Nxa4 22. b3 Nb6 23. Bc3 Rhg8 24. Rd2 Ng6 25. Bb2 Rc7 26. Nc3 a6 27. Re1
Re7 28. g3 Nf8 29. Kf1 Nfd7 30. Ng1 h5 31. f4 h4 32. Kf2 hxg3+ 33. hxg3 f5 34.
Nf3 Nf6 35. Ng5+ Kg6 36. Rxe6 Rxe6 37. Nxe6 Ne4+ 38. Nxe4 dxe4 39. Nc5 Rg7 40.
Rc2 Nd5 41. Rc1 Rh7 42. Kg1 Kf6 43. Re1 b6 44. Na4 Rc7 45. Rc1 Rxc1+ 46. Bxc1
Ke6 47. b4 Bc7 48. Kf2 Nf6 49. Nc3 Nd5 50. Nd1 Bd8 51. Ke2 Bf6 52. Bb2 Kd6 53.
Nf2 Bg7 54. Nh3 Bf6 55. Nf2 Bg7 56. Nd1 Kd7 57. Ne3 Ke6 58. Nc4 Bh8 59. Ne5 Bg7
60. Kd2 Kd6 61. Bc1 Bf6 62. Kc2 b5 63. Bd2 Nb6 64. Kb3 Kd5 65. Be3 Nc4 66. Nxc4
bxc4+ 67. Kc3 Be7 68. a4 Bd8 69. b5 axb5 70. axb5 Ba5+ 71. Kc2 Bb6 72. g4 fxg4
73. f5 Bd8 74. Bf4 Kxd4 75. f6 Kc5 1/2-1/2

[Event "European Youth Chess Championship G12"]
[Site "Prague, Top Hotel Prague"]
[Date "2016.08.21"]
[Round "4.27"]
[White "Katter, Katharina"]
[Black "Karavitaki, Evaggelia"]
[Result "0-1"]
[WhiteElo "1380"]
[BlackElo "1581"]
[PlyCount "100"]
[EventDate "2016.08.18"]

1. Nf3 c5 2. c4 Nf6 3. Nc3 d5 4. cxd5 Nxd5 5. e3 a6 6. d4 e6 7. Bd3 cxd4 8.
exd4 Be7 9. O-O O-O 10. Re1 Nf6 11. h3 b5 12. a3 Bb7 13. Ne4 Nbd7 14. Bf4 Nb6
15. Nxf6+ Bxf6 16. Be5 Rc8 17. Be4 Bxe4 18. Rxe4 Nc4 19. b3 Nd6 20. Re2 Nf5 21.
Qd2 Be7 22. Qd3 Qa5 23. b4 Bxb4 24. d5 Bc3 25. Bxc3 Rxc3 26. Qd2 b4 27. a4 Qxd5
28. Qxd5 exd5 29. Re5 g6 30. Rxd5 Rfc8 31. Ra5 R8c6 32. Rb1 Rc1+ 33. Rxc1 Rxc1+
34. Kh2 b3 35. Rxa6 b2 36. Nd2 Rd1 37. Rb6 Rxd2 38. a5 Rxf2 39. a6 b1=Q 40.
Rxb1 Ra2 41. a7 Rxa7 42. g4 Ra2+ 43. Kg1 Nh4 44. Rb8+ Kg7 45. Rb3 Kf6 46. Rc3
Kg5 47. Rc5+ Kf4 48. Rc4+ Kg3 49. Rc3+ Nf3+ 50. Kh1 Rh2# 0-1

[Event "European Youth Chess Championship G12"]
[Site "Prague, Top Hotel Prague"]
[Date "2016.08.21"]
[Round "4.28"]
[White "Maziukaite, Kristina"]
[Black "Shehzad, Alisha"]
[Result "0-1"]
[WhiteElo "1323"]
[BlackElo "1528"]
[PlyCount "50"]
[EventDate "2016.08.18"]

1. d4 d5 2. c4 c6 3. Nf3 Nf6 4. e3 e6 5. Bd3 dxc4 6. Bxc4 Be7 7. Nc3 O-O 8. Qd3
b5 9. Bb3 a6 10. Bc2 g6 11. h4 c5 12. b3 Bb7 13. Ne2 cxd4 14. Nexd4 Bb4+ 15.
Ke2 Qc7 16. a3 Bc3 17. Ra2 Rd8 18. Rg1 Bxf3+ 19. gxf3 e5 20. Rd1 exd4 21. exd4
Rxd4 22. Qxd4 Bxd4 23. Rxd4 Qe5+ 24. Kd3 Nc6 25. Be3 Nxd4 0-1

[Event "European Youth Chess Championship G12"]
[Site "Prague, Top Hotel Prague"]
[Date "2016.08.21"]
[Round "4.30"]
[White "Sild, Marta Pauliine"]
[Black "Kasaeva, Sofiia"]
[Result "0-1"]
[WhiteElo "1239"]
[BlackElo "1514"]
[PlyCount "122"]
[EventDate "2016.08.18"]

1. e4 c5 2. Nf3 e6 3. d4 cxd4 4. Nxd4 a6 5. Nc3 Qc7 6. Bd3 Nf6 7. O-O Be7 8.
Be3 d6 9. h3 O-O 10. Kh1 b5 11. a3 Bb7 12. f4 Nbd7 13. Qe2 Nc5 14. Bg1 Rac8 15.
Rae1 Nfd7 16. Bh2 Nxd3 17. cxd3 Nc5 18. Nf3 Rfd8 19. d4 Nb3 20. d5 exd5 21.
Nxd5 Bxd5 22. exd5 Bf6 23. Qd3 Qc2 24. Qxc2 Rxc2 25. f5 h6 26. Re4 Bxb2 27. a4
Nc5 28. Re7 Nxa4 29. Ra7 Nc5 30. Re1 Rc1 31. Rxc1 Bxc1 32. Nd4 Ba3 33. Nxb5
axb5 34. Rxa3 b4 35. Ra1 b3 36. Rb1 Kf8 37. Kg1 Ke7 38. Kf1 Rb8 39. Ke2 b2 40.
Kd2 Na4 41. Kd3 Rc8 42. Bf4 Rc5 43. Kd4 Rc2 44. g3 Nc3 45. Kd3 Nxb1 46. Kxc2
Nc3 47. Kxb2 Nxd5 48. Bd2 Kf6 49. g4 Ke5 50. Kc2 Ke4 51. Bc1 Nf4 52. Ba3 Nxh3
53. Bxd6 Nf2 54. Bf8 Nxg4 55. Bxg7 Kxf5 56. Kd2 Kf4 57. Ke2 h5 58. Bf8 Kg3 59.
Kd3 f5 60. Ke2 Kg2 61. Bd6 h4 0-1

[Event "European Youth Chess Championship G12"]
[Site "Prague, Top Hotel Prague"]
[Date "2016.08.21"]
[Round "4.31"]
[White "Juhasz, Judit"]
[Black "Qasem, Huda"]
[Result "1-0"]
[WhiteElo "1927"]
[BlackElo "1459"]
[PlyCount "87"]
[EventDate "2016.08.18"]

1. e4 c5 2. Nf3 Nc6 3. d4 cxd4 4. Nxd4 e5 5. Nb5 d6 6. N1c3 a6 7. Na3 b5 8. Nd5
Be7 9. c3 Nf6 10. Nxf6+ Bxf6 11. Nc2 Be6 12. a4 Rb8 13. axb5 axb5 14. Ra6 Qc8
15. Ra1 Qc7 16. Na3 Bc4 17. Bxc4 bxc4 18. Nxc4 Be7 19. O-O O-O 20. Qg4 Qc8 21.
Qxc8 Rfxc8 22. Rd1 Rd8 23. Ra6 Rbc8 24. Nb6 Nb8 25. Nxc8 Rxc8 26. Ra8 Rd8 27.
Be3 Nc6 28. Rxd8+ Nxd8 29. Bb6 Ne6 30. Ba7 Nc5 31. Bxc5 dxc5 32. Rd5 f6 33. Kf1
Kf7 34. Ke2 Ke6 35. Kd3 f5 36. f3 g5 37. Kc4 g4 38. Rxc5 Bxc5 39. Kxc5 gxf3 40.
gxf3 fxe4 41. fxe4 Kf6 42. b4 Kg5 43. b5 Kf4 44. Kd5 1-0

[Event "European Youth Chess Championship G12"]
[Site "Prague, Top Hotel Prague"]
[Date "2016.08.21"]
[Round "4.32"]
[White "Djordjevic, Nevena"]
[Black "Guillo, Longares Cecilia"]
[Result "0-1"]
[WhiteElo "1431"]
[BlackElo "1845"]
[PlyCount "92"]
[EventDate "2016.08.18"]

1. d4 Nf6 2. c4 c5 3. d5 e6 4. Nc3 exd5 5. cxd5 d6 6. e4 g6 7. Nf3 Bg7 8. Nd2
a6 9. a4 O-O 10. Bd3 Nbd7 11. Nc4 Nb6 12. O-O Nxc4 13. Bxc4 Re8 14. Re1 Rb8 15.
Bd2 Bd7 16. a5 b5 17. axb6 Rxb6 18. Rxa6 Rxa6 19. Bxa6 Qb6 20. Bd3 Qxb2 21. Qc1
Qb6 22. Qb1 Qa5 23. Qb2 Qc7 24. Qc2 Ra8 25. Bb5 Bxb5 26. Nxb5 Qd7 27. Qc4 Rb8
28. Rb1 Nxe4 29. Qxe4 Rxb5 30. Re1 Be5 31. f4 Bd4+ 32. Kh1 Kg7 33. h3 Qb7 34.
f5 Qd7 35. fxg6 hxg6 36. Qf4 Rb2 37. Bc1 Rf2 38. Qh4 Rf5 39. Qe4 Re5 40. Qh4
Qf5 41. Qh6+ Kg8 42. Qh4 Rxe1+ 43. Qxe1 Qxd5 44. Bh6 Be5 45. Qb1 c4 46. Qc1 c3
0-1

[Event "European Youth Chess Championship G12"]
[Site "Prague, Top Hotel Prague"]
[Date "2016.08.21"]
[Round "4.33"]
[White "Maresova, Michaela"]
[Black "Van Den Brink, Nienke"]
[Result "0-1"]
[WhiteElo "1430"]
[BlackElo "1612"]
[PlyCount "74"]
[EventDate "2016.08.18"]

1. c4 b5 2. cxb5 a6 3. Nc3 axb5 4. Nxb5 Ba6 5. Nc3 Nf6 6. Nf3 g6 7. g3 Bg7 8.
Bg2 c6 9. O-O O-O 10. d3 Qb6 11. Qc2 d5 12. e3 Nbd7 13. Rd1 Nc5 14. a3 Qb3 15.
Qxb3 Nxb3 16. Ra2 Bxd3 17. Ne5 Bc2 18. Re1 Rac8 19. a4 Nh5 20. Nf3 Ra8 21. Kf1
e6 22. Ke2 Bxc3 23. bxc3 Nxc1+ 24. Rxc1 Bxa4 25. Rca1 Bb5+ 26. Kd2 Rxa2+ 27.
Rxa2 Nf6 28. Ra7 Ne4+ 29. Kc2 Nxf2 30. Ne5 f6 31. Nd7 Rf7 32. Ra8+ Kg7 33. Nc5
Re7 34. Kb3 Bc4+ 35. Ka4 Nd1 36. Bh3 f5 37. g4 Nxe3 0-1

[Event "European Youth Chess Championship G12"]
[Site "Prague, Top Hotel Prague"]
[Date "2016.08.21"]
[Round "4.34"]
[White "Lhotska, Anna"]
[Black "Villanyi, Alexia"]
[Result "1-0"]
[WhiteElo "1611"]
[BlackElo "1439"]
[PlyCount "107"]
[EventDate "2016.08.18"]

1. e4 c5 2. Nf3 Nc6 3. d4 cxd4 4. Nxd4 g6 5. Nc3 Bg7 6. Be3 Nf6 7. Bc4 O-O 8.
Bb3 d6 9. f3 Bd7 10. Qd2 Nxd4 11. Bxd4 b5 12. h4 a5 13. a4 b4 14. Nd5 Nxd5 15.
Bxg7 Kxg7 16. Bxd5 h5 17. Bxa8 Qxa8 18. O-O-O Qc8 19. b3 Qc7 20. Qd4+ Kh7 21.
Rd2 Rc8 22. Re1 Be6 23. Re3 f5 24. f4 Qb7 25. Kb2 Rc5 26. Qd3 Qc7 27. Qd4 Qb7
28. Rde2 Rc7 29. exf5 Bxf5 30. c3 Bg4 31. Rd2 bxc3+ 32. Rxc3 Rd7 33. Qd5 Qb6
34. Rc8 Rd8 35. Rxd8 Qxd8 36. Rc2 e6 37. Qb7+ Kh6 38. Qc8 Qf6+ 39. Qc3 Qd8 40.
Qd4 Bf5 41. Rc6 d5 42. Rd6 Qc8 43. Qc3 Qb8 44. Rc6 e5 45. fxe5 Qd8 46. g3 d4
47. Qd2+ Kg7 48. Rd6 Qa8 49. Rxd4 Qc6 50. Rc4 Qe6 51. Rc7+ Kf8 52. Qh6+ Ke8 53.
Qh8+ Qg8 54. Qxg8# 1-0

[Event "European Youth Chess Championship G12"]
[Site "Prague, Top Hotel Prague"]
[Date "2016.08.21"]
[Round "4.35"]
[White "Simonova, Stela"]
[Black "Efendieva, Alina"]
[Result "0-1"]
[WhiteElo "1393"]
[BlackElo "1589"]
[PlyCount "104"]
[EventDate "2016.08.18"]

1. c4 Nf6 2. Nc3 g6 3. Nf3 Bg7 4. d3 O-O 5. Bg5 Nc6 6. g3 d6 7. Bg2 a6 8. O-O
Rb8 9. Qd2 b5 10. cxb5 axb5 11. Bh6 e5 12. Bxg7 Kxg7 13. Rfe1 b4 14. Na4 Ne7
15. b3 c5 16. Nb2 Bb7 17. Nc4 Nc6 18. Rad1 Qc7 19. Qg5 h6 20. Qc1 Nd4 21. Nxd4
exd4 22. Bxb7 Rxb7 23. Qf4 Nd5 24. Qxd6 Qxd6 25. Nxd6 Ra7 26. Ne4 Rxa2 27. Nxc5
Nc3 28. Ra1 Nxe2+ 29. Kg2 Rfa8 30. Rxa2 Rxa2 31. Kf3 Nc3 32. Re7 Nd1 33. Re2
Ra5 34. Rc2 Nc3 35. Ne4 f5 36. Nd2 Ra2 37. Rxa2 Nxa2 38. Kf4 Kf6 39. g4 Nc1 40.
gxf5 Nxd3+ 41. Kf3 Kxf5 42. Ke2 Nc5 43. Kf3 g5 44. Ke2 Kf4 45. Kf1 d3 46. Ke1
g4 47. Kf1 h5 48. Ke1 h4 49. Kf1 Ke5 50. Kg2 h3+ 51. Kf1 Kd4 52. Ke1 Kc3 0-1

[Event "European Youth Chess Championship G12"]
[Site "Prague, Top Hotel Prague"]
[Date "2016.08.21"]
[Round "4.36"]
[White "Sawhney, Anisha"]
[Black "Skigelstrand, Live Jorgensen"]
[Result "1-0"]
[WhiteElo "1301"]
[BlackElo "1525"]
[PlyCount "69"]
[EventDate "2016.08.18"]

1. e4 c6 2. d4 d5 3. exd5 cxd5 4. Bd3 Nc6 5. c3 Nf6 6. Bf4 Bg4 7. Qb3 Qd7 8.
Nd2 e6 9. Ngf3 a6 10. O-O Be7 11. Rae1 O-O 12. Qc2 h6 13. h3 Bxf3 14. Nxf3 Bd6
15. Bxd6 Qxd6 16. Ne5 Rac8 17. Qb1 Nd7 18. f4 Ndxe5 19. fxe5 Qd7 20. Re3 Qe7
21. Ref3 Na5 22. Rg3 f5 23. exf6 Rxf6 24. Rxf6 Qxf6 25. Rg6 Qf7 26. Qd1 Nc4 27.
Qe2 Rc6 28. b4 Na3 29. Rg3 Nc4 30. Bg6 Qf4 31. Rf3 Qd2 32. Qf1 Rc8 33. Bf7+ Kh7
34. Bxe6 Ne3 35. Qb1+ 1-0

[Event "European Youth Chess Championship G12"]
[Site "Prague, Top Hotel Prague"]
[Date "2016.08.21"]
[Round "4.37"]
[White "Zarebska, Lena"]
[Black "Kuhar, Larisa"]
[Result "1/2-1/2"]
[WhiteElo "1522"]
[BlackElo "1378"]
[PlyCount "132"]
[EventDate "2016.08.18"]

1. e4 c5 2. Nf3 d6 3. d4 cxd4 4. Nxd4 Nf6 5. Nc3 a6 6. Bc4 e6 7. Bb3 b5 8. f4
Qc7 9. O-O Be7 10. Qe2 O-O 11. Be3 Bd7 12. a3 Nc6 13. Rad1 Rac8 14. Bf2 h6 15.
Rd2 Rfd8 16. Rfd1 e5 17. Ndxb5 axb5 18. Nxb5 Qb8 19. f5 Nxe4 20. Qxe4 Qxb5 21.
f6 Bxf6 22. Rxd6 Be8 23. Qg4 Kh8 24. R1d5 Qb7 25. Be3 Rxd6 26. Rxd6 Ne7 27.
Bxh6 Qa7+ 28. Kf1 gxh6 29. Rxf6 Kh7 30. Qh3 Ng8 31. Qxc8 Nxf6 32. Qf5+ Kg7 33.
Qxe5 Qa6+ 34. Ke1 Qb6 35. Qg3+ Kh7 36. Qf2 Qa5+ 37. Qd2 Qe5+ 38. Qe2 Qxh2 39.
Kd2 Qf4+ 40. Qe3 Qh2 41. Qf3 Qe5 42. Kc1 Qe1+ 43. Qd1 Qe3+ 44. Kb1 Qg5 45. Qf3
Kg7 46. Bc4 Bd7 47. Qb7 Qg4 48. Bb3 Ne4 49. Qd5 Qf5 50. Qxf5 Bxf5 51. Kc1 Kf6
52. Bd5 Ke7 53. b4 Nc3 54. Bf3 Nb5 55. Kb2 Bxc2 56. Kxc2 Nxa3+ 57. Kb3 Nb5 58.
Kc4 Nd6+ 59. Kc5 Kd7 60. b5 f5 61. Bc6+ Ke6 62. Kb6 h5 63. Kc7 Ke5 64. b6 h4
65. b7 Nxb7 66. Bxb7 Kf4 1/2-1/2

[Event "European Youth Chess Championship G12"]
[Site "Prague, Top Hotel Prague"]
[Date "2016.08.21"]
[Round "4.38"]
[White "Desai, Nilomi"]
[Black "Ruzic, Pia Marie"]
[Result "1-0"]
[WhiteElo "1511"]
[BlackElo "1353"]
[PlyCount "95"]
[EventDate "2016.08.18"]

1. d4 Nf6 2. c4 g6 3. Nc3 Bg7 4. e4 d6 5. f3 Nbd7 6. Be3 O-O 7. Qd2 e5 8. d5
Qe7 9. Bd3 Nb6 10. Nge2 c6 11. O-O cxd5 12. cxd5 Bd7 13. Rfc1 Na4 14. Nxa4 Bxa4
15. Qb4 Bd7 16. Rc7 b6 17. Rac1 Rfc8 18. Qa3 Rxc7 19. Rxc7 Bf8 20. Rxa7 Rb8 21.
Rc7 Qd8 22. Rc1 Nh5 23. Qb3 Ng7 24. Bb5 f5 25. Bxd7 Qxd7 26. Nc3 Qd8 27. Qd1
Be7 28. Qd2 Qd7 29. a3 Kf7 30. Na2 Qa4 31. Nb4 f4 32. Bf2 Qd7 33. Nc6 Rb7 34.
Nxe7 Qxe7 35. Rc6 b5 36. Qb4 Ne8 37. Bb6 Nc7 38. Qxd6 Qxd6 39. Rxd6 Ke7 40. Rc6
Ne8 41. Kf2 Kd7 42. g3 Nd6 43. b3 g5 44. g4 h6 45. Kg2 Nc8 46. Bc5 Rc7 47.
Rxc7+ Kxc7 48. Bf8 1-0

[Event "European Youth Chess Championship G12"]
[Site "Prague, Top Hotel Prague"]
[Date "2016.08.21"]
[Round "4.39"]
[White "Vozarova, Adriana"]
[Black "Burdot, Clara"]
[Result "1-0"]
[WhiteElo "1500"]
[BlackElo "1094"]
[PlyCount "131"]
[EventDate "2016.08.18"]

1. e4 d5 2. exd5 Qxd5 3. Nc3 Qd6 4. d4 Nf6 5. Bc4 a6 6. Nf3 Bg4 7. h3 Bh5 8. g4
Bg6 9. Bd2 Nc6 10. Be3 e6 11. a3 O-O-O 12. Qe2 Ne4 13. Nxe4 Bxe4 14. O-O-O Be7
15. Rhe1 h6 16. Ne5 Nxe5 17. dxe5 Qc6 18. Rxd8+ Bxd8 19. Bd2 Bg6 20. f3 Bh4 21.
Rd1 Rd8 22. Bb3 Bh7 23. Bb4 Bg5+ 24. Kb1 Rxd1+ 25. Qxd1 Qb5 26. Ka2 Qc6 27. Bf8
g6 28. Qd3 Bg8 29. Qf1 h5 30. f4 Bh4 31. gxh5 gxh5 32. f5 Bh7 33. fxe6 fxe6 34.
Qf7 Bf5 35. Qxh5 Bg3 36. Bg7 b6 37. Qg5 Bf2 38. Qf4 Bc5 39. h4 Qe8 40. Qg5 Be7
41. Bf6 Bxf6 42. Qxf6 a5 43. c3 Kb7 44. Qg5 Qh8 45. Qf6 Qe8 46. Bd1 Qc6 47. h5
Qd5+ 48. Bb3 Bb1+ 49. Kxb1 Qxb3 50. Qf3+ Ka6 51. Qd3+ Kb7 52. h6 Qa4 53. Qf3+
Ka7 54. h7 Qh4 55. Qd3 Qh5 56. Ka2 Qh4 57. c4 Kb8 58. Kb3 Ka7 59. Ka2 Kb8 60.
c5 Kc8 61. cxb6 cxb6 62. Qc3+ Kb7 63. Qf3+ Kc7 64. Qf7+ Kc6 65. Qxe6+ Kb7 66.
Qg8 1-0

[Event "European Youth Chess Championship G12"]
[Site "Prague, Top Hotel Prague"]
[Date "2016.08.21"]
[Round "4.40"]
[White "Hertlein, Irena"]
[Black "Subjakova, Kristina"]
[Result "1-0"]
[WhiteElo "1488"]
[BlackElo "1271"]
[PlyCount "155"]
[EventDate "2016.08.18"]

1. d4 Nf6 2. Nf3 g6 3. g3 Bg7 4. Bg2 O-O 5. O-O d6 6. c4 Bf5 7. Nc3 Nbd7 8. Nh4
e5 9. dxe5 Nxe5 10. Nxf5 gxf5 11. b3 Rb8 12. Bb2 Qe7 13. Qc2 Qd7 14. Rad1 Qe6
15. Nb5 Qe7 16. Qxf5 a6 17. Nd4 Qd7 18. Qxd7 Nfxd7 19. Nf5 f6 20. Bh3 Nc5 21.
Ne7+ Kh8 22. Nd5 Rf7 23. Ba3 f5 24. Ne3 Rbf8 25. Bxc5 dxc5 26. Rd2 Ng6 27. Rfd1
f4 28. Nd5 fxg3 29. fxg3 Bd4+ 30. e3 Be5 31. Bg2 c6 32. Nb6 Bc3 33. Rd7 Ba5 34.
Na4 Bb4 35. Rd8 Rxd8 36. Rxd8+ Kg7 37. Rd1 b5 38. Nb2 Rf6 39. Rd7+ Kh6 40. Rc7
Bd2 41. Nd1 bxc4 42. bxc4 Ne5 43. Be4 Nxc4 44. Rxh7+ Kg5 45. h4+ Kg4 46. Rg7+
Kh5 47. Nf2 Bxe3 48. Rh7+ Rh6 49. Rxh6+ Kxh6 50. Bxc6 Ne5 51. Kf1 Nxc6 52. Ng4+
Kh5 53. Nxe3 Nb4 54. a3 Nd3 55. Ke2 Ne5 56. Kd2 Kg6 57. Kc3 Kf7 58. Nc4 Nc6 59.
Kd3 Ke6 60. Ke4 Nd4 61. g4 Ne2 62. h5 Nc3+ 63. Kd3 Na4 64. Ke4 Nc3+ 65. Kf4 Kf6
66. g5+ Kg7 67. Kf5 Nd5 68. h6+ Kh7 69. Ke5 Nc3 70. Nd6 Nb1 71. Kf6 Nc3 72. g6+
Kxh6 73. g7 Nd5+ 74. Kf7 Ne7 75. Nf5+ Nxf5 76. g8=Q Nd6+ 77. Ke6 Ne4 78. Qf8+
1-0

[Event "European Youth Chess Championship G12"]
[Site "Prague, Top Hotel Prague"]
[Date "2016.08.21"]
[Round "4.41"]
[White "Popovic, Mateja"]
[Black "Sleurs, Juliette"]
[Result "0-1"]
[WhiteElo "1145"]
[BlackElo "1479"]
[PlyCount "88"]
[EventDate "2016.08.18"]

1. d4 d5 2. c4 c6 3. Nc3 Nf6 4. Bg5 e6 5. Nf3 Nbd7 6. e3 Qa5 7. Bd3 Ne4 8. Qc2
Bb4 9. Bxe4 dxe4 10. Ne5 Nxe5 11. dxe5 Qxe5 12. Bf4 Bxc3+ 13. Qxc3 Qxc3+ 14.
bxc3 f6 15. Bc7 Kd7 16. Ba5 b6 17. O-O-O+ Kc7 18. Bb4 c5 19. Ba3 e5 20. Rd2 Rd8
21. Rxd8 Kxd8 22. Kc2 Be6 23. Kb3 a5 24. Rd1+ Kc7 25. f3 a4+ 26. Kb2 exf3 27.
gxf3 Bxc4 28. Rg1 g6 29. Rg4 Be6 30. Rh4 h5 31. f4 Kd6 32. Kb1 Bg4 33. h3 g5
34. fxg5 fxg5 35. Rxg4 hxg4 36. hxg4 Kd5 37. Kc2 Kc4 38. Bc1 e4 39. Kd2 Rh8 40.
Kc2 Rh2+ 41. Bd2 a3 42. Kd1 Kd3 43. Ke1 Rxd2 44. Kf1 Rxa2 0-1

[Event "European Youth Chess Championship G12"]
[Site "Prague, Top Hotel Prague"]
[Date "2016.08.21"]
[Round "4.44"]
[White "Basovskiy, Jana"]
[Black "Bilic, Marijana"]
[Result "0-1"]
[WhiteElo "1488"]
[BlackElo "1739"]
[PlyCount "96"]
[EventDate "2016.08.18"]

1. e4 c5 2. Nf3 e6 3. d3 a6 4. g3 b5 5. Bg2 Bb7 6. Nbd2 Ne7 7. O-O Ng6 8. Re1
Be7 9. Qe2 O-O 10. Nf1 Nc6 11. c3 Rc8 12. h4 h6 13. N1h2 Nge5 14. Bf4 Ng6 15.
Bd2 Nge5 16. Rad1 Qb6 17. Be3 Qa7 18. b4 Nxf3+ 19. Nxf3 d6 20. bxc5 dxc5 21.
Rb1 Qa8 22. Red1 Rfd8 23. Nh2 Bf6 24. Rbc1 Be7 25. Qg4 Ne5 26. Qe2 c4 27. dxc4
Nxc4 28. Bd4 e5 29. Be3 Bxe4 30. Bxe4 Qxe4 31. Re1 Bf6 32. Ng4 Be7 33. Nh2 Rd3
34. Ng4 Nxe3 35. Nxe3 Ba3 36. Rb1 Rdxc3 37. Qd2 Qc6 38. Nf5 Rc2 39. Qe3 Qc3 40.
Qxe5 Qxe5 41. Rxe5 Rxa2 42. Kf1 Rcc2 43. Re8+ Kh7 44. Nd4 Rxf2+ 45. Ke1 Rh2 46.
Kd1 Rad2+ 47. Ke1 Rxd4 48. Rb3 Bb4+ 0-1

[Event "European Youth Chess Championship G12"]
[Site "Prague, Top Hotel Prague"]
[Date "2016.08.21"]
[Round "4.45"]
[White "Scarpa, Alessandra"]
[Black "Koksa, Jelena"]
[Result "0-1"]
[WhiteElo "1492"]
[BlackElo "1463"]
[PlyCount "82"]
[EventDate "2016.08.18"]

1. d4 d5 2. c4 c6 3. Nc3 Nf6 4. cxd5 cxd5 5. Bg5 e6 6. Nf3 Be7 7. g3 Nbd7 8.
Bg2 h6 9. Bxf6 Nxf6 10. O-O b6 11. Re1 Bb7 12. Ne5 O-O 13. Rc1 Rc8 14. Nb5 Rxc1
15. Qxc1 Bb4 16. Rd1 a6 17. Nc3 Nd7 18. Nxd7 Qxd7 19. a3 Be7 20. Qc2 Rc8 21.
Qb3 b5 22. a4 b4 23. Na2 a5 24. Ra1 Bc6 25. Rc1 Rb8 26. Qd3 Bxa4 27. Ra1 Bb5
28. Qd2 Rc8 29. Nc1 a4 30. Nd3 Bxd3 31. Qxd3 Qc6 32. Qd1 Qc2 33. Bf1 Qxd1 34.
Rxd1 Rc2 35. Rb1 g6 36. e3 a3 37. bxa3 bxa3 38. Ra1 a2 39. Bb5 Rb2 40. Bd3 Bb4
41. Kg2 Bc3 0-1

[Event "European Youth Chess Championship G12"]
[Site "Prague, Top Hotel Prague"]
[Date "2016.08.21"]
[Round "4.46"]
[White "Marthinussen, Emma Viktoria Li"]
[Black "Stastna, Martina"]
[Result "0-1"]
[WhiteElo "1442"]
[BlackElo "1423"]
[PlyCount "90"]
[EventDate "2016.08.18"]

1. e4 e5 2. Nf3 Nc6 3. Nc3 Nf6 4. d4 exd4 5. Nxd4 Bb4 6. Nxc6 bxc6 7. Bd3 d6 8.
h3 O-O 9. O-O Re8 10. Qf3 Nd7 11. Qg3 Qf6 12. Bg5 Qe6 13. Qh4 Ne5 14. Qg3 Nxd3
15. Qxd3 Qg6 16. Bd2 a5 17. Rfe1 Bc5 18. Qf3 Bd7 19. a3 Rab8 20. Rab1 h6 21.
Qf4 Bxh3 22. Qh2 Bg4 23. Qg3 Bh5 24. Qxg6 Bxg6 25. Re2 Bd4 26. Rbe1 Bh5 27. b3
Bxe2 28. Nxe2 Bb6 29. Ng3 Ra8 30. a4 f6 31. Kf1 d5 32. f3 Rad8 33. Re2 dxe4 34.
fxe4 Rd7 35. Ke1 g6 36. Bxh6 g5 37. Nf5 Red8 38. Kf1 Rd1+ 39. Re1 Rxe1+ 40.
Kxe1 Re8 41. Ng3 Kh7 42. Bxg5 fxg5 43. Kd2 Kg6 44. Ke2 Kf6 45. Kf3 Ke5 0-1